| 000 | 00633nam a22001817a 4500 | ||
|---|---|---|---|
| 999 |
_c186528 _d186528 |
||
| 005 | 20220308144841.0 | ||
| 010 | _aENG-131884 | ||
| 020 |
_a978--81-947203-2-4 _c599.00 |
||
| 035 | _aEN-115416 | ||
| 037 | _bDBAD/PUB | ||
| 082 |
_a378.54 _b1 |
||
| 245 |
_aHigher Education In India: _bPolicies And Programmer/ _cBimal Charan Sain,and Sachidananda Mishra |
||
| 260 |
_bDesh Vikas Publication _aAndhra Pradesh _c2020 |
||
| 270 |
_aD.No.1-43-19 _bAndhra Pradesh _mdeshvikaspublication@gmail.com |
||
| 300 |
_avi,222p. _c25cm(hbk) |
||
| 700 |
_aSwain,Bimal Charan _bMishra,Sachidananda |
||
| 942 |
_2ddc _cEN _h378.54 _mSWA |
||